Mechanization of roadside operations : (Record no. 547632)
[ view plain ]
| 000 -LEADER | |
|---|---|
| fixed length control field | 00644cam a22001457a 4500 |
| 082 ## - DEWEY DECIMAL CLASSIFICATION NUMBER | |
| Classification number | 625.77 |
| Author Mark | GAR |
| 100 1# - MAIN ENTRY--PERSONAL NAME | |
| Personal name | Garmhausen, Wilbur J. |
| 9 (RLIN) | 43777 |
| 245 10 - TITLE STATEMENT | |
| Title | Mechanization of roadside operations : |
| Remainder of title | a summary of the reports on equipment for roadside operations by a special project committee of the Committee on Roadside Development / |
| Statement of responsibility, etc. | Wilbur J. Garmhausen. |
| 260 ## - PUBLICATION, DISTRIBUTION, ETC. | |
| Place of publication, distribution, etc. | Washington, D.C. : |
| Name of publisher, distributor, etc. | Highway Research Board, |
| Date of publication, distribution, etc. | 1953. |
| 300 ## - PHYSICAL DESCRIPTION | |
| Extent | ii, 37 p. : |
| Other physical details | ill. ; |
| Dimensions | 28 cm. |
| 490 1# - SERIES STATEMENT | |
| Series statement | Special report / Highway Research Board ; |
| 526 ## - STUDY PROGRAM INFORMATION NOTE | |
| Program name | 0 |
| Interest level | 0 |
| Reading level | 0 |
| Title point value | 625_770000000000000_GAR |
| 710 2# - ADDED ENTRY--CORPORATE NAME | |
| Corporate name or jurisdiction name as entry element | National Research Council (U.S.). |
| 9 (RLIN) | 20017 |
| 942 ## - ADDED ENTRY ELEMENTS (KOHA) | |
| Source of classification or shelving scheme | |
| Koha item type | Book |
| Withdrawn status | Lost status | Source of classification or shelving scheme | Damaged status | Not for loan | Permanent Location | Current Location | Date acquired | Total Checkouts | Full call number | Barcode | Date last seen | Price effective from | Koha item type |
|---|---|---|---|---|---|---|---|---|---|---|---|---|---|
| Military College of Engineering (MCE) | Military College of Engineering (MCE) | 07/24/2014 | 625.77 GAR | MCE-43023 | 07/24/2014 | 07/24/2014 | Book |
